|
|
|
|
| LEADER |
00634cam a2200181 7i4500 |
| 001 |
0000014456 |
| 005 |
20070912090000.0 |
| 008 |
070405 eng |
| 090 |
0 |
0 |
|a LF482
|b UNI
|
| 110 |
2 |
|
|a University of Nottingham
|
| 245 |
1 |
0 |
|a Undergraduate studies
|c The University of Nottingham.
|
| 260 |
|
|
|a Nottingham:
|b University of Nottingham,
|c 2005-.
|
| 300 |
|
|
|a v.:
|b ill., col.;
|c 30 cm.
|
| 500 |
|
|
|a Library holdings: 2005;
|
| 610 |
2 |
0 |
|a University of Nottingham
|
| 650 |
0 |
0 |
|a Universities and colleges --
|z England
|
| 650 |
0 |
0 |
|a Education, Higher --
|z England
|
| 999 |
|
|
|a PRO0000021
|b BOK
|c PROSPECTUS
|e 1st Floor, Bestari Jaya
|